Hravé počty 1 [pre B variant špeciálnych základných škôl

Bibliographic Details
Main Authors: Brestenská, Eva, 1942- (Author), Zorádová, Viera (Author)
Other Authors: Kolačková, Jarka, 1953- (Illustrator)
Format: Book
Language:Slovak
PhysicalDescription:64 s. fareb. ilustr. 30 cm
Published: Bratislava Slovenské pedagogické nakladateľstvo - Mladé letá 2013
ISBN:9788010025039
Edition:9. vyd.
Subjects:

MARC

LEADER 00000cam a2200000 a 4500
001 vtls010518597
003 SK-MaSNL
005 20260301033958.0
008 240318s2013 xo a b p 000 0 slo
015 |a SNBA2013/07 
020 |a 9788010025039  |q (brož.) 
035 |a 41F07965-434C-4D50-9409-ED16E7F74826 
035 |a urn:nbn:sk:snk-amkx9v 
035 |a urn:nbn:sk:snk-am0082a2 
040 |a SNK  |b slo  |c SNK  |e AACR2 
041 0 |a slo 
044 |a xo  |c SK 
072 7 |a 51  |x Matematika  |2 konspekt 
072 7 |a 37.016  |x Učebné osnovy. Vyučovacie predmety. Učebnice  |2 konspekt 
080 |a 51  |2 2001 
080 |a (075.2)  |2 2001 
100 1 |a Brestenská, Eva,  |d 1942-  |4 aut  |9 103251 
245 1 0 |a Hravé počty 1  |b [pre B variant špeciálnych základných škôl  |c Eva Brestenská, Viera Zorádová ; ilustrácie Jaroslava Kolačková] 
250 |a 9. vyd. 
260 |a Bratislava  |b Slovenské pedagogické nakladateľstvo - Mladé letá  |c 2013 
300 |a 64 s.  |b fareb. ilustr.  |c 30 cm 
500 |a Názov z obalu 
650 0 7 |a Mathematics  |2 SNKPHeng  |9 265620 
650 0 7 |a matematika  |2 SNKPH  |9 70174 
655 7 |a učebnice špeciálnych základných škôl  |2 SNKPH  |9 70204 
655 7 |a Textbooks (special elementary)  |2 SNKPHeng  |9 306832 
700 1 |a Zorádová, Viera  |4 aut  |9 47893 
700 1 |a Kolačková, Jarka,  |d 1953-  |4 ill  |9 8415 
852 |a Štátna vedecká knižnica v Banskej Bystrici 
919 |a 978-80-10-02503-9 
999 |c 581021  |d 582951 
952 |a SNK  |b SNK  |y PREZ  |7 0  |p 17A1074153  |o snkSB 85269  |i snk2013/16013  |8 0  |0 0  |1 0  |4 0  |d 2013-07-11  |f 1  |l 0  |r 2025-05-07 00:00:00  |w 2026-02-23 
952 |a SNK  |b SNK  |y VYP  |7 0  |p 17A1074154  |o snkSB 85269 D1  |i snk2013/16014  |8 0  |0 0  |1 0  |4 0  |d 2013-07-11  |l 0  |r 2016-06-30 00:00:00  |w 2026-02-23